| 000 | 00381nam a2200133Ia 4500 | ||
|---|---|---|---|
| 008 | 211119s9999||||xx |||||||||||||| ||und|| | ||
| 082 |
_a920 _bPIL-I |
||
| 100 | _aPillai, N N | ||
| 245 | 0 | _aIthaanu Ente Sari | |
| 260 |
_bMathrubhumi Books _a2011 _cKottayam |
||
| 300 | _a350p | ||
| 650 |
_aHistory&geography _vBiography, genealogy & insigmaMalayalam _xGeneral Stack |
||
| 942 | _cBOOK | ||
| 999 |
_c113840 _d113840 |
||